| 000 | 00883nam a2200253Ia 4500 | ||
|---|---|---|---|
| 003 | OSt | ||
| 005 | 20221005103806.0 | ||
| 006 | a|||||r|||| 00| 0 | ||
| 007 | ta | ||
| 008 | 221004b |||||||| |||| 00| 0 hin d | ||
| 024 | _a1797 | ||
| 037 | _cTextual | ||
| 040 |
_aCRL _cCRL _bhin |
||
| 041 |
_2hin _ahin |
||
| 082 | _aR635x1,1:g, 152L8 | ||
| 100 | _aअवस्थी, ब्रह्ममित्र | ||
| 245 | 0 | _aपात×जल योगशास्त्र एक अध्ययन | |
| 246 | _aPāta×jal yogashāstra ek adhyayana | ||
| 260 |
_aदिल्ली _bइन्दु प्रकाशन भारत _c1978 |
||
| 300 |
_a295पृ0 _ccm. |
||
| 650 | _aभारतीय दर्शन | ||
| 942 |
_hR635x1,1:g, 152L8 _cTEXL _2cc |
||
| 999 |
_c1010932 _d1010932 |
||